[Event "Politiken Cup 2012"]
[Site "Helsingor DEN"]
[Date "2012.08.04"]
[Round "9.5"]
[White "Dreev,A"]
[Black "Starostits,I"]
[Result "1-0"]
[WhiteElo "2677"]
[BlackElo "2494"]

1.d4 d5 2.c4 c6 3.Nf3 Nf6 4.e3 Bf5 5.Nc3 a6 6.Bd3 Bxd3 7.Qxd3 e6 8.O-O Be7
9.e4 O-O 10.Bf4 dxe4 11.Nxe4 Nbd7 12.Rfd1 Nxe4 13.Qxe4 Nf6 14.Qc2 Qa5 15.Ne5 Rac8
16.Rd3 b5 17.c5 Nd5 18.Rh3 f5 19.Nd3 Bf6 20.Qe2 Nxf4 21.Nxf4 Rce8 22.Re3 Bxd4
23.Rxe6 Rxe6 24.Qxe6+ Kh8 25.Rd1 Qa4 26.Rd2 Qb4 27.Qe2 Rd8 28.Kf1 h6 29.a3 Qa4
30.g3 Qb3 31.Kg2 Qg8 32.b4 a5 33.Qf3 axb4 34.axb4 Qc4 35.Qd1 Qxb4 36.Ne6 Re8
37.Rxd4  1-0

[Event "Politiken Cup 2012"]
[Site "Helsingor DEN"]
[Date "2012.08.05"]
[Round "10.2"]
[White "Hector,J"]
[Black "Dreev,A"]
[Result "1/2-1/2"]
[WhiteElo "2530"]
[BlackElo "2677"]

1.e4 c6 2.d4 d5 3.f3 e6 4.Nc3 Bb4 5.Bd2 Ne7 6.a3 Ba5 7.Bd3 Nd7 8.f4 Bb6 9.Nf3 c5
10.Nb5 O-O  1/2-1/2

[Event "Vladivostok Russian Cup 2012"]
[Site "Vladivostok RUS"]
[Date "2012.09.17"]
[Round "1.2"]
[White "Lyaskovsky,Va"]
[Black "Dreev,A"]
[Result "0-1"]
[WhiteElo "2292"]
[BlackElo "2677"]

1.c4 c6 2.b3 d5 3.Bb2 Bg4 4.Nf3 Bxf3 5.gxf3 d4 6.f4 g6 7.e4 Nf6 8.d3 Bh6
9.Bc1 Qc7 10.e5 Nh5 11.Qf3 Nd7 12.Kd1 f6 13.Bh3 fxe5 14.f5 Bxc1 15.fxg6 hxg6
16.Kxc1 Nc5 17.b4 Nxd3+  0-1

[Event "Vladivostok Russian Cup 2012"]
[Site "Vladivostok RUS"]
[Date "2012.09.18"]
[Round "2.2"]
[White "Dreev,A"]
[Black "Papin,V"]
[Result "1-0"]
[WhiteElo "2677"]
[BlackElo "2552"]

1.d4 Nf6 2.c4 e6 3.Nc3 Bb4 4.Qc2 c5 5.dxc5 O-O 6.a3 Bxc5 7.Nf3 b6 8.Bf4 Bb7
9.Rd1 Nh5 10.Ng5 g6 11.Bc1 Be7 12.Nf3 a6 13.Bh6 Re8 14.e4 Qc7 15.Be3 d6 16.Be2 Nd7
17.O-O Rac8 18.Nd2 Nhf6 19.Rc1 Qb8 20.Qb1 Qa8 21.Rfd1 Bd8 22.b4 Bc7 23.h3 Bd8
24.Bd3 Ne5 25.Bf1 Ned7 26.Bd4 Qb8 27.Nf3 Qa8 28.Bd3 Nh5 29.Re1 Bf6 30.Bxf6 Nhxf6
31.Qa2 Rc7 32.Qd2 Rec8 33.Qf4 Ne8 34.h4 b5 35.h5 bxc4 36.Bc2 e5 37.Qh4 Ndf6
38.hxg6 fxg6 39.Rcd1 Rg7 40.Ng5 Qa7 41.Qh3 Re7 42.Re3 Nh5 43.Nd5 Bxd5 44.Qxc8 Qb7
45.Qxb7 Bxb7 46.Rc3  1-0

[Event "Vladivostok Russian Cup 2012"]
[Site "Vladivostok RUS"]
[Date "2012.09.19"]
[Round "3.1"]
[White "Belous,V"]
[Black "Dreev,A"]
[Result "1/2-1/2"]
[WhiteElo "2551"]
[BlackElo "2677"]

1.d4 d5 2.c4 c6 3.Nf3 Nf6 4.e3 Bf5 5.Nc3 a6 6.cxd5 cxd5 7.Ne5 Nc6 8.Qb3 Bd7
9.Nxd5 Nxe5 10.Nxf6+ exf6 11.dxe5 Be6 12.Bc4 Bxc4 13.Qxc4 Qa5+ 14.Bd2 Qxe5
15.Bc3 Qe6 16.Qc7 Qc8 17.Qg3 h5 18.O-O h4 19.Qf4 h3 20.Rfd1 Be7 21.Rac1 Qe6
22.Rd4 Rc8 23.Re4 Qd7 24.Qf3 hxg2 25.Rd1 Qh3 26.Qxh3 Rxh3 27.Bb4 Rc7 28.Ba5 Rc8
29.Rd5 f5 30.Rxf5 Rh4 31.Rxh4 Bxh4 32.Bc3 g6 33.Rd5 Rc6 34.e4 Bf6 35.e5 Bg5
36.Kxg2 Ke7 37.Rd4 Ke6 38.f4 Be7 39.Kf3 Rc8 40.Ke4 Rh8 41.Rc4 Rh4 42.Kf3 Rh3+
43.Kg2 Rd3 44.Rc7 b5 45.a3 a5 46.Bxa5 Bd8 47.Rc6+ Kd7 48.Ra6 Bxa5 49.Rxa5 Rb3
50.h4 b4 51.axb4 Rxb4 52.Kg3 Rxb2 53.h5 gxh5 54.f5 Rb4 55.Ra7+ Ke8 56.Kf3 h4
57.Ra8+ Ke7 58.Ra7+ Ke8 59.Ke3 Rc4 60.Kf3 Rb4 61.Ra8+ Ke7 62.Rg8 Rb1  1/2-1/2

[Event "Vladivostok Russian Cup 2012"]
[Site "Vladivostok RUS"]
[Date "2012.09.20"]
[Round "4.3"]
[White "Dreev,A"]
[Black "Balashov,Y"]
[Result "1-0"]
[WhiteElo "2677"]
[BlackElo "2455"]

1.d4 Nf6 2.c4 e6 3.Nc3 Bb4 4.Qc2 O-O 5.a3 Bxc3+ 6.Qxc3 b6 7.Bg5 Bb7 8.e3 d6
9.Ne2 Nbd7 10.Qc2 c5 11.Rd1 Qc8 12.f3 h6 13.Bh4 Re8 14.Qd2 d5 15.cxd5 exd5
16.Nc3 Ba6 17.Bxa6 Qxa6 18.Kf2 c4 19.g4 Re6 20.Rdg1 Rae8 21.g5 hxg5 22.Bxg5 Qb7
23.Rg3 Nh7 24.Bf4 Ndf8 25.Qc2 Rg6 26.Qf5 Rd8 27.h4 Qd7 28.Qxd7 Rxd7 29.h5 Rxg3
30.Bxg3 Ne6 31.h6 f6 32.hxg7 Nxg7 33.a4 Ng5 34.a5 b5 35.a6 b4 36.Nb5 Rd8
37.Ra1 Ra8 38.Nc7 Rd8 39.Ra5  1-0

[Event "Vladivostok Russian Cup 2012"]
[Site "Vladivostok RUS"]
[Date "2012.09.21"]
[Round "5.1"]
[White "Dreev,A"]
[Black "Romanov,E"]
[Result "1/2-1/2"]
[WhiteElo "2677"]
[BlackElo "2590"]

1.d4 d5 2.c4 dxc4 3.e4 Nf6 4.e5 Nd5 5.Bxc4 Nb6 6.Bd3 Nc6 7.Ne2 Bg4 8.f3 Bh5
9.Nbc3 e6 10.Be4 Bg6 11.O-O Be7 12.Be3 Qd7 13.a3 O-O 14.Bxg6 hxg6 15.Qc2 Rfd8
16.Rad1 Qe8 17.g3 Bf8 18.Ne4 Rac8 19.Bg5 Rd5 20.h4 Qd7 21.Be3 Ne7 22.N2c3 Nf5
23.Bf2 Qc6 24.g4 Ne7 25.h5 Rd7 26.Ng5 Nbd5 27.Rfe1 b5 28.Bg3 Nxc3 29.bxc3 f6
30.exf6 gxf6 31.Ne4 Nd5 32.Nxf6+ Nxf6 33.Qxg6+ Bg7 34.Rd3 Nh7 35.h6 Nf8 36.Qg5 Nh7
37.Qg6 Nf8 38.Qg5 Nh7 39.Qh5 Bf6 40.Rde3 Rf8 41.f4 Kh8 42.g5 Rd5 43.Bh4 Rg8
44.Rg3 Rf5 45.Qg4  1/2-1/2

[Event "Vladivostok Russian Cup 2012"]
[Site "Vladivostok RUS"]
[Date "2012.09.22"]
[Round "6.2"]
[White "Shomoev,A"]
[Black "Dreev,A"]
[Result "1-0"]
[WhiteElo "2571"]
[BlackElo "2677"]

1.d4 d5 2.c4 c6 3.Nc3 Nf6 4.cxd5 cxd5 5.Bf4 Qb6 6.Rc1 Bd7 7.e3 Qxb2 8.Bd3 e6
9.Nge2 Qa3 10.O-O a6 11.e4 dxe4 12.Nxe4 Nd5 13.Bc4 Nc6 14.Bxd5 exd5 15.Rc3 Qxa2
16.Nd6+ Bxd6 17.Bxd6 Qa5 18.Qd2 Be6 19.Qg5 h6 20.Qxg7 Kd7 21.Bg3 Rhg8 22.Qf6 Qd8
23.Qf4 Rg4 24.Qd2 Qb6 25.Rd1 Rc8 26.Rdc1 Re4 27.Kh1 Qb5 28.Nf4 Rxd4 29.Nd3 Ke8
30.Qe3 Re4 31.Qxh6 d4 32.Nc5 Re2 33.Bd6  1-0

[Event "Vladivostok Russian Cup 2012"]
[Site "Vladivostok RUS"]
[Date "2012.09.23"]
[Round "7.6"]
[White "Dreev,A"]
[Black "Belozerov,A"]
[Result "1/2-1/2"]
[WhiteElo "2677"]
[BlackElo "2506"]

1.d4 Nf6 2.c4 e6 3.Nc3 c5 4.d5 exd5 5.cxd5 d6 6.e4 g6 7.h3 Bg7 8.Nf3 O-O
9.Bd3 b5 10.Nxb5 Re8 11.Nd2 Nxd5 12.Nc4 Nb4 13.O-O Ba6 14.Ncxd6 Nxd3 15.Qxd3 Re6
16.Qd5 Nc6 17.Bg5 Qd7 18.f4 Rb8 19.Rfd1 Nd4 20.a4 h6 21.Bh4 Ne2+ 22.Kh1 Nxf4
23.Qxc5 Bxb5 24.axb5 Rb6 25.Nc8 Qxb5 26.Qf2 Rxe4 27.Nxb6 axb6 28.Bg3 Qxb2
29.Ra8+ Kh7 30.Qxb2 Bxb2 31.Ra7 Ne2 32.Rxf7+ Kg8 33.Rb7 Nxg3+ 34.Kh2 Rd4
35.Rxd4 Nf1+ 36.Kg1 Bxd4+ 37.Kxf1 h5 38.Ke2 Bf6 39.Ke3 Kf8 40.Ke4 Kg8 41.Kd5 Bc3
42.Rxb6 Kf7 43.Rb3 Ba1 44.Kd6 Bd4 45.Rf3+ Kg7 46.Ke6 Bb2 47.Rf7+ Kg8 48.Rc7 Bd4
49.h4 Bb2 50.Ra7 Bc3 51.Rb7 Kf8 52.Rb3 Ba1 53.Ra3 Bb2 54.Ra2 Bc3 55.Rc2 Ba1
56.Rc5 Kg7 57.g4 hxg4 58.Rg5 Kh6 59.Kf7 Bc3 60.Rxg4 Kh5 61.Rxg6 Kxh4 62.Ke6 Kh3
63.Kf5 Kh2 64.Kf4 Kh1 65.Kf3 Be5 66.Rg2 Bd6  1/2-1/2

[Event "Vladivostok Russian Cup 2012"]
[Site "Vladivostok RUS"]
[Date "2012.09.24"]
[Round "8.5"]
[White "Khismatullin,D"]
[Black "Dreev,A"]
[Result "1-0"]
[WhiteElo "2639"]
[BlackElo "2677"]

1.d4 d5 2.c4 c6 3.Nc3 Nf6 4.Nf3 e6 5.e3 Nbd7 6.Qc2 b6 7.cxd5 exd5 8.Bd3 Bb7
9.O-O Be7 10.e4 dxe4 11.Nxe4 O-O 12.Ne5 c5 13.Ng5 g6 14.Nexf7 Rxf7 15.Bc4 Bd5
16.Bxd5 Nxd5 17.Nxf7 Kxf7 18.dxc5 bxc5 19.b3 Bf6 20.Bb2 Bxb2 21.Qxb2 Qf6
22.Qd2 Qd4 23.Qc2 Nb4 24.Qe2 Re8 25.Qf3+ Qf6 26.Qh3 Nf8 27.Rac1 Re5 28.Qc8 Nd3
29.Rcd1 Nf4 30.Rfe1 Rxe1+ 31.Rxe1 N8e6 32.Qb7+ Qe7 33.Qf3 Qf6 34.Qb7+ Qe7
35.Qxe7+ Kxe7 36.Re4 Kd6 37.Ra4 Ne2+ 38.Kf1 Nc3 39.Ra6+ Kd7 40.Rxa7+ Nc7
41.Ke1 Kc6 42.Kd2 Ne4+ 43.Ke3 Nd6 44.Kd3 g5 45.h4 h6 46.h5 Kb6 47.Ra4 Nd5
48.g3 Nf6 49.Ra8 Nde8 50.g4 Kb7 51.Ra4 Nd6 52.f4 Nf7 53.fxg5 hxg5 54.Ke2 Ne5
55.Ra5 Kb6 56.b4 Nfxg4 57.Rxc5 Nf7 58.a4 Nge5 59.a5+ Ka6 60.h6 Nd7 61.Rc7  1-0

[Event "28th European Club Cup"]
[Site "Eilat ISR"]
[Date "2012.10.11"]
[Round "1.5"]
[White "Liss,E"]
[Black "Dreev,A"]
[Result "1/2-1/2"]
[WhiteElo "2464"]
[BlackElo "2677"]

1.e4 c6 2.d4 d5 3.exd5 cxd5 4.c4 Nf6 5.Nc3 Nc6 6.Bg5 Be6 7.Nge2 dxc4 8.Nf4 Nxd4
9.Nxe6 Nxe6 10.Be3 Qxd1+ 11.Rxd1 Rc8 12.Bxa7 Nf4 13.g3 Nd3+ 14.Bxd3 cxd3
15.Rxd3 e6 16.O-O Bb4 17.Bd4 O-O 18.Rfd1 Bxc3 19.bxc3 Nd5 20.Rb1 b6 21.Bxb6 Rb8
22.Rxd5 exd5 23.a4 Rfc8 24.a5 Rxc3 25.Rd1 f6 26.Rxd5 Kf7 27.Rd7+ Kg6 28.h4 h5
29.Kg2 Ra3 30.Ra7 Re8 31.Bc5 Rc3 32.Bb6 Re6 33.Rd7 Rec6 34.Ra7 Rb3 35.Rd7 Rb5
36.Rd8 Rc2 37.a6 Rxb6 38.a7 Ra6 39.a8=Q Rxa8 40.Rxa8 Rc3  1/2-1/2

[Event "28th European Club Cup"]
[Site "Eilat ISR"]
[Date "2012.10.12"]
[Round "2.4"]
[White "Dreev,A"]
[Black "Avrukh,B"]
[Result "1/2-1/2"]
[WhiteElo "2677"]
[BlackElo "2585"]

1.d4 Nf6 2.c4 g6 3.Nc3 d5 4.Bg5 Ne4 5.Bh4 Nxc3 6.bxc3 dxc4 7.e3 Be6 8.Rb1 Nd7
9.Nf3 Nb6 10.Qc2 Bh6 11.Be2 O-O 12.O-O Qe8 13.Bg5 Bg7 14.Nd2 h6 15.Bh4 Rc8
16.Bf3 Bf5 17.e4 Bd7 18.Be2 e5 19.d5 Bb5 20.Bg4 Ba4 21.Qb2 f5 22.exf5 gxf5
23.Be2 e4 24.Qa3 Kh8 25.Bxc4 e3 26.fxe3 Qxe3+ 27.Bf2 Qxc3 28.Bb3 Bb5 29.Rfd1 Be2
30.Qxa7 Bxd1 31.Rxd1 Bd4 32.Qxb7 Rce8 33.Qc6 Bxf2+ 34.Kxf2 Qe3+ 35.Kf1 Nc8
36.Nf3 Nd6 37.Qc1 Rf7 38.Qxe3 Rxe3 39.Nd4 f4 40.Rc1 Rd3 41.Nf3 Re7 42.Nh4 Rg7
43.Re1 Re3  1/2-1/2

[Event "28th European Club Cup"]
[Site "Eilat ISR"]
[Date "2012.10.13"]
[Round "3.4"]
[White "Potkin,V"]
[Black "Dreev,A"]
[Result "1/2-1/2"]
[WhiteElo "2663"]
[BlackElo "2677"]

1.d4 d5 2.c4 c6 3.Nc3 Nf6 4.Nf3 e6 5.Bg5 Nbd7 6.e3 Qa5 7.cxd5 Nxd5 8.Qd2 Bb4
9.Rc1 h6 10.Bh4 b6 11.a3 Bxc3 12.bxc3 c5 13.c4 Qxd2+ 14.Nxd2 Ne7 15.f3 Ba6
16.Be2 cxd4 17.exd4 Rc8 18.O-O Nf5 19.Bf2 O-O 20.Rfd1 Rfd8 21.g4 Ne7 22.Bf1 Nb8
23.a4 Nbc6 24.Nb3 Rd7 25.Be1 Rcd8 26.Bc3 Ne5 27.Nd2 N5c6 28.Nb3 Ne5 29.Nd2 N5c6
30.Nb3 Ne5 31.Nd2  1/2-1/2

[Event "28th European Club Cup"]
[Site "Eilat ISR"]
[Date "2012.10.14"]
[Round "4.4"]
[White "Dreev,A"]
[Black "Gorovets,A"]
[Result "0-1"]
[WhiteElo "2677"]
[BlackElo "2459"]

1.d4 e6 2.c4 f5 3.Nc3 Nf6 4.e3 b6 5.Bd3 Bb7 6.f3 Bd6 7.Nge2 Nh5 8.Nb5 Qh4+
9.Kf1 Na6 10.Nxd6+ cxd6 11.Bd2 O-O 12.Qe1 Qe7 13.Ng3 Nf6 14.Qe2 Nc7 15.Bb4 a5
16.Ba3 Na6 17.Qe1 g5 18.h3 Nb4 19.Bxb4 axb4 20.Qxb4 f4 21.exf4 gxf4 22.Ne2 Nh5
23.Ke1 e5 24.d5 b5 25.cxb5 Bxd5 26.Kd2 Nf6 27.Nc3 Be6 28.a4 Qg7 29.Qxd6 e4
30.fxe4 Qxg2+ 31.Be2 Nxe4+ 32.Nxe4 Qxe4 33.Rhg1+ Kh8 34.Qd3 d5 35.Rg5 Rac8
36.Qxe4 dxe4 37.Re5 e3+ 38.Ke1 Bxh3 39.b6 Rg8 40.Bf1 Bxf1 41.b7 Rc2 42.Rg5 Rb8
43.Kxf1 Rxb7 44.a5 Rbxb2 45.a6 Rh2 46.Kg1 f3  0-1

[Event "28th European Club Cup"]
[Site "Eilat ISR"]
[Date "2012.10.15"]
[Round "5.5"]
[White "Dreev,A"]
[Black "Gustafsson,J"]
[Result "1-0"]
[WhiteElo "2677"]
[BlackElo "2622"]

1.d4 Nf6 2.c4 e6 3.Nc3 Bb4 4.Qc2 d5 5.cxd5 Qxd5 6.Nf3 Qf5 7.Qb3 Nc6 8.Bd2 O-O
9.h3 a5 10.g4 Qg6 11.a3 a4 12.Qc4 Bxc3 13.bxc3 e5 14.Bg2 Be6 15.Qb5 exd4
16.cxd4 Bd5 17.Be3 Qc2 18.O-O Na7 19.Ne1 Qc3 20.Qb1 Qc6 21.Qf5 Nb5 22.Nf3 Nc3
23.Rfe1 Be4 24.Ne5 Qb5 25.Bxe4 Nfxe4 26.Kg2 Ra6 27.f3 Nd6 28.Qc2 Qb3 29.Rec1 Ndb5
30.Bf2 Rd8 31.e4 f6 32.Nd3 Rc6 33.Nc5 Qc4 34.Nxb7 Ra8 35.d5 Rb6 36.Bxb6 cxb6
37.Nd6 Nxd6 38.Qxc3 Qe2+ 39.Kg3 h5 40.Rc2  1-0

[Event "28th European Club Cup"]
[Site "Eilat ISR"]
[Date "2012.10.16"]
[Round "6.3"]
[White "Khismatullin,D"]
[Black "Dreev,A"]
[Result "1-0"]
[WhiteElo "2638"]
[BlackElo "2677"]

1.d4 d5 2.c4 c6 3.Nf3 Nf6 4.Nc3 e6 5.e3 Nbd7 6.Qc2 b6 7.Bd3 Bb7 8.O-O Be7
9.b3 Qc7 10.Bb2 Rd8 11.Rac1 Qb8 12.Rfe1 O-O 13.e4 dxe4 14.Nxe4 Nxe4 15.Bxe4 h6
16.c5 Nf6 17.Bd3 bxc5 18.dxc5 a5 19.Ne5 Qa8 20.Qe2 Qa7 21.Ng4 Rfe8 22.Bxf6 Bxf6
23.Nxf6+ gxf6 24.Qe3 Qb8 25.Qxh6 Rxd3 26.Re4 f5 27.Rh4 Qe5 28.Rh5  1-0

[Event "28th European Club Cup"]
[Site "Eilat ISR"]
[Date "2012.10.17"]
[Round "7.5"]
[White "Hracek,Z"]
[Black "Dreev,A"]
[Result "1/2-1/2"]
[WhiteElo "2612"]
[BlackElo "2677"]

1.c4 c6 2.Nf3 d5 3.e3 Nf6 4.Nc3 e6 5.d4 Nbd7 6.Qc2 b6 7.b3 Bb7 8.Be2 Bd6
9.O-O O-O 10.Bb2 Qe7 11.Rfd1 Ba3 12.Rac1 Rfd8 13.Qb1 Rac8 14.Bxa3 Qxa3 15.cxd5 exd5
16.b4 a5 17.bxa5 Qxa5 18.Qb2 Ba6 19.Bxa6 Qxa6 20.a4 h6 21.Qb3 Ra8 22.h3 Re8
23.Nd2 Re6 24.Rb1 Ree8 25.Rdc1 Reb8 26.Nf1 Qc8 27.Ng3 Nf8 28.Nf1 Ne6 29.Nd2 Qf8
30.Nf3 Qd6 31.Ne5 c5 32.Nb5 Qf8 33.Rd1 Rc8 34.Nc3 Qd6 35.Nf3 Rab8 36.Rbc1 Rd8
37.Qc2 Rbc8 38.Qb3 Rb8 39.Qc2 Rbc8 40.Qb3 Rb8  1/2-1/2

[Event "Amplico ch-EUR Blitz"]
[Site "Warsaw POL"]
[Date "2012.12.14"]
[Round "1.1"]
[White "Dreev,A"]
[Black "Narva,M"]
[Result "1-0"]
[WhiteElo "2654"]
[BlackElo "1788"]

1.d4 d5 2.c4 e6 3.Nc3 Nf6 4.cxd5 exd5 5.Bg5 Be7 6.e3 O-O 7.Bd3 b6 8.Nf3 Bb7
9.Qc2 Nbd7 10.O-O c5 11.Rfd1 Rc8 12.Bf5 a6 13.Bxf6 Bxf6 14.Bxh7+ Kh8 15.Bf5 Qe7
16.dxc5 Rxc5 17.Bxd7 Qxd7 18.Nd4 Qc8 19.Qe2 Rc7 20.Qf3 Re7 21.Rac1 Qd7 22.Rc2 b5
23.a3 Rc8 24.Rcd2 Rd8 25.h4 Qc7 26.h5 Qe5 27.Nf5 Red7 28.Rd4 Qe6 29.h6 g6
30.Ng7 Qe7 31.Qf4 Bxg7 32.hxg7+  1-0

[Event "Amplico ch-EUR Blitz"]
[Site "Warsaw POL"]
[Date "2012.12.14"]
[Round "2.1"]
[White "Adamski,J"]
[Black "Dreev,A"]
[Result "0-1"]
[WhiteElo "2310"]
[BlackElo "2654"]

1.Nf3 d5 2.c4 c6 3.e3 Nf6 4.Nc3 e6 5.d4 Nbd7 6.Qc2 b6 7.b3 Bb7 8.Be2 Bd6
9.O-O O-O 10.Rd1 Qe7 11.e4 dxe4 12.Nxe4 Nxe4 13.Qxe4 Rfe8 14.Bf4 Nf6 15.Bxd6 Qxd6
16.Qe5 Qa3 17.Rd2 Red8 18.Rad1 h6 19.h3 Rac8 20.Qf4 Qb4 21.Qe3 c5 22.dxc5 Rxd2
23.Qxd2 Qxc5 24.Qe3 Qxe3 25.fxe3 Kf8 26.Ne5 Ke7 27.Bf3 Bxf3 28.gxf3 Rc7 29.Kf2 Ne8
30.e4 g5 31.h4 gxh4 32.Rh1 Rc5 33.f4 Nd6 34.Kf3 f6 35.Ng6+ Kf7 36.Nxh4 Rh5
37.Rh2 f5 38.e5 Ne4 39.Ke3 Ke8 40.Nf3 Rxh2 41.Nxh2 Kd7 42.Nf3 Nc3 43.a3 Nb1
44.a4 Nc3 45.Nd4 a6 46.Kd3 Ne4 47.b4 h5 48.Nf3 a5 49.bxa5 bxa5 50.Ng5  0-1

[Event "Amplico ch-EUR Blitz"]
[Site "Warsaw POL"]
[Date "2012.12.14"]
[Round "2.2"]
[White "Dreev,A"]
[Black "Adamski,J"]
[Result "1-0"]
[WhiteElo "2654"]
[BlackElo "2310"]

1.d4 Nf6 2.c4 e6 3.Nc3 Bb4 4.Qc2 O-O 5.a3 Bxc3+ 6.Qxc3 Ne4 7.Qc2 f5 8.Nh3 d6
9.e3 e5 10.f3 Nf6 11.dxe5 dxe5 12.Nf2 c5 13.Bd3 g6 14.O-O Nc6 15.b3 Qe7 16.Bb2 Be6
17.Rad1 a5 18.Bc3 b6 19.Qb2 Nd7 20.Be2 Rad8 21.Rd2 Bf7 22.Rfd1 Rfe8 23.Bf1 Ndb8
24.Rxd8 Nxd8 25.Bxe5 Qxe5 26.Qxe5 Rxe5 27.Rxd8+ Re8 28.Rxe8+ Bxe8 29.a4 Nc6
30.Nd3 Kg7 31.f4 Kf6 32.Be2 h6 33.Kf2 Nb4 34.Ne5 Nc6 35.Nf3 Nb4 36.Nd2 Bc6
37.h3 g5 38.g3 Bb7 39.g4 Bc6 40.Bf3 Bxf3 41.Kxf3 Nd3  1-0

[Event "Amplico ch-EUR Blitz"]
[Site "Warsaw POL"]
[Date "2012.12.14"]
[Round "3.2"]
[White "Olszewski,Mi"]
[Black "Dreev,A"]
[Result "0-1"]
[WhiteElo "2533"]
[BlackElo "2654"]

1.e4 c6 2.d4 d5 3.e5 Bf5 4.Nf3 e6 5.Be2 Ne7 6.Nbd2 c5 7.dxc5 Nec6 8.O-O Bxc5
9.c4 dxc4 10.Nxc4 O-O 11.Bg5 Qc7 12.Rc1 Nd7 13.a3 a5 14.Nd6 Bxd6 15.Qxd6 Qxd6
16.exd6 Rfc8 17.Bb5 Be4 18.Nd2 Bd5 19.Nc4 a4 20.Rfd1 f6 21.Be3 Kf7 22.Nb6 Nxb6
23.Bxb6 Ke8 24.Bc4 Kd7 25.Bxd5 exd5 26.Bc7 d4 27.Rd3 Re8 28.Rg3 g6 29.Rh3 h5
30.g4 Rh8 31.gxh5 Rxh5 32.Rxh5 gxh5 33.Kf1 Rg8 34.Rc4 b5 35.Rc5 Rg5 36.Rc1 d3
37.Rc3 Rd5 38.Ke1 Ne5 39.b3 axb3 40.Rxb3 Nc4 41.Kd1 Rg5  0-1

[Event "Amplico ch-EUR Blitz"]
[Site "Warsaw POL"]
[Date "2012.12.14"]
[Round "3.1"]
[White "Dreev,A"]
[Black "Olszewski,Mi"]
[Result "1/2-1/2"]
[WhiteElo "2654"]
[BlackElo "2533"]

1.d4 Nf6 2.c4 g6 3.Nc3 d5 4.Bg5 Ne4 5.Bh4 Nxc3 6.bxc3 dxc4 7.e3 Be6 8.Rb1 c5
9.Ne2 cxd4 10.Nxd4 Bd5 11.Qc2 Nc6 12.f3 Bg7 13.Be2 O-O 14.O-O Nxd4 15.cxd4 Rc8
16.Rfd1 Qd7 17.Bf2 Bc6 18.Rb4 b5 19.d5 Ba8 20.a4 bxa4 21.Rxa4 c3 22.e4 Rc7
23.Rb1 Rb7 24.Rxb7 Qxb7 25.Rxa7 Qb2 26.Bd3 e6 27.d6 Bc6 28.Ra2 Qxc2 29.Rxc2 Ba4
30.Rc1 Rc8 31.f4 e5 32.fxe5 Bh6 33.Ra1 c2 34.Bxc2 Bxc2 35.Bb6 Bxe4 36.d7 Be3+
37.Bxe3 Rd8 38.Rd1 Bf5 39.Rd6 Rxd7  1/2-1/2

[Event "Amplico ch-EUR Blitz"]
[Site "Warsaw POL"]
[Date "2012.12.14"]
[Round "6.1"]
[White "Bukavshin,I"]
[Black "Dreev,A"]
[Result "0-1"]
[WhiteElo "2510"]
[BlackElo "2654"]

1.d4 d5 2.c4 c6 3.Nc3 Nf6 4.e3 e6 5.Nf3 Nbd7 6.Qc2 b6 7.cxd5 exd5 8.Bd3 Bb7
9.O-O Be7 10.e4 dxe4 11.Nxe4 O-O 12.Ne5 c5 13.Ng5 g6 14.Bc4 Bd5 15.Bxd5 Nxd5
16.Nc6 Nb4 17.Nxb4 cxb4 18.Nf3 Nf6 19.Re1 Nd5 20.Qa4 Qd6 21.Bd2 a5 22.Ne5 Rfc8
23.Rac1 Bf6 24.Nf3 Kg7 25.h3 Ne7 26.Rcd1 Nf5 27.g4 Nh4 28.Nxh4 Bxh4 29.Qb5 Rc2
30.Re2 Rac8 31.Be3 Rxe2 32.Qxe2 Qd5 33.b3 Bf6 34.Rc1 Re8 35.Rd1 g5 36.Rd2 h6
37.Qf1 Rc8 38.Rd1 Rc2 39.Rd2 Rxd2 40.Bxd2 Bxd4 41.Qe2 Qc5 42.Be1 Qc1 43.Kg2 Qc6+
44.Kg1 Bc3 45.Qc2 Qf6 46.Qe2 Qd4 47.Kf1 Qd5 48.Kg1 Qc5 49.Kf1 Qd5 50.Kg1 Qd4
51.Kf1 Qf4 52.Qc2 Qf3 53.Kg1 Bxe1  0-1

[Event "Amplico ch-EUR Blitz"]
[Site "Warsaw POL"]
[Date "2012.12.14"]
[Round "6.2"]
[White "Dreev,A"]
[Black "Bukavshin,I"]
[Result "0-1"]
[WhiteElo "2654"]
[BlackElo "2510"]

1.d4 d5 2.c4 e6 3.Nc3 c6 4.Qb3 dxc4 5.Qxc4 b5 6.Qd3 Ba6 7.Qd1 b4 8.Ne4 Qd5
9.Ng3 c5 10.Nf3 cxd4 11.e4 dxe3 12.Qa4+ Qd7 13.Qxd7+ Kxd7 14.Bxe3 Bxf1 15.O-O-O+ Ke8
16.Rhxf1 Nf6 17.Rfe1 Nc6 18.Nd4 Ne7 19.Nb5 Ned5 20.Bd4 Kd7 21.Nxa7 Bd6 22.Kb1 e5
23.Be3 Nxe3 24.Rxe3 Rxa7 25.Nf5 Ra6 26.Rxe5 Re8 27.Rb5 Kc7 28.Nxg7 Re2 29.Rf5 Be5
30.Rc1+ Kd7 31.Rc2 Re1+ 32.Rc1 Re2 33.Rc2 Rxc2 34.Kxc2 Bd4 35.Rf4 Be5 36.Rf5 Rc6+
37.Kb3 Bd4 38.Rf4 Be5 39.Rf5 Kd6 40.g3 Ne4 41.Rxf7 Nd2+ 42.Ka4 Ra6+ 43.Kxb4 Rb6+
44.Ka4 Rxb2 45.a3 Bc3 46.Rf4 Nb3 47.Nf5+ Ke5 48.Kb5 Nd4+ 49.Kc4 Nxf5 50.Kxc3 Nd6
51.a4 Rb7 52.f3 Rc7+  0-1

[Event "Amplico ch-EUR Blitz"]
[Site "Warsaw POL"]
[Date "2012.12.14"]
[Round "7.2"]
[White "Dziuba,M"]
[Black "Dreev,A"]
[Result "0-1"]
[WhiteElo "2602"]
[BlackElo "2654"]

1.d4 d5 2.c4 c6 3.Nf3 Nf6 4.e3 Bf5 5.Nc3 e6 6.Nh4 Be4 7.f3 Bg6 8.Qb3 Qc7
9.Bd2 Be7 10.Rc1 Ne4 11.fxe4 Bxh4+ 12.g3 dxc4 13.Bxc4 Be7 14.Ne2 Bxe4 15.O-O Nd7
16.Nc3 Bg6 17.e4 Qb6 18.Be3 O-O 19.Bxe6 Nf6 20.e5 fxe6 21.Qxe6+ Rf7 22.exf6 Bxf6
23.d5 Qxb2 24.dxc6 bxc6 25.Qxc6 Raf8 26.Rf2 Qa3 27.Nd5 h6 28.Rcf1 Qd3 29.Bc5 Be4
30.Nxf6+ Rxf6 31.Rxf6 Bxc6 32.Rxf8+ Kh7 33.R8f5 Qe4  0-1

[Event "Amplico ch-EUR Blitz"]
[Site "Warsaw POL"]
[Date "2012.12.14"]
[Round "7.1"]
[White "Dreev,A"]
[Black "Dziuba,M"]
[Result "0-1"]
[WhiteElo "2654"]
[BlackElo "2602"]

1.d4 d5 2.c4 c6 3.Nf3 Nf6 4.e3 Bg4 5.Nc3 e6 6.Qb3 Qb6 7.Nh4 Bh5 8.h3 g5 9.Nf3 h6
10.Bd3 Nbd7 11.g4 Bg6 12.Bxg6 fxg6 13.Bd2 O-O-O 14.O-O-O Be7 15.Qc2 Rhg8
16.Kb1 Kb8 17.Rhe1 dxc4 18.e4 Qa6 19.Be3 Nb6 20.Ne5 Nfd7 21.f4 gxf4 22.Nxd7+ Nxd7
23.Bxf4+ Ka8 24.Bc7 Rc8 25.Bg3 Bb4 26.Rf1 Rcf8 27.Ne2 g5 28.Nc3 Qa5 29.Rc1 a6
30.a3 Bxc3 31.Qxc3 Qxc3 32.bxc3 Rxf1 33.Rxf1 Rf8 34.Rxf8+ Nxf8 35.Be5 Ng6
36.Bg7 Nf4 37.Bxh6 Nxh3 38.Kc2 Nf2 39.Bxg5 Nxg4 40.Bf4 Nf6 41.e5 Nd5 42.Bh6 Ka7
43.Bf8 Kb6 44.Kb2 Kb5 45.Kc2 Ka4 46.Kb2 a5 47.Kc2 Nc7 48.Kb2 Nb5 49.Be7 Nc7
50.Bf8 Nd5 51.Kc2 Kb5 52.Kd2 Nc7 53.Bd6 Nd5 54.Bf8 b6 55.Kc2 Ka6 56.Kd2 Kb7
57.Kc2 Kc8 58.Bh6 Kd7 59.Bg5 Ke8 60.Kd2 Kf7 61.Bd8 Kg6 62.Bh4 Kf5 63.Bd8 Ke4
64.Bh4 b5 65.Bd8 b4 66.cxb4 axb4 67.axb4 Kxd4 68.Ba5 Kxe5 69.Bd8 Kd4 70.Bh4 c3+
71.Kc2 Nxb4+ 72.Kb3 Nd5 73.Kc2 Kc4 74.Bg5 Nb4+  0-1

[Event "Amplico ch-EUR Blitz"]
[Site "Warsaw POL"]
[Date "2012.12.14"]
[Round "8.1"]
[White "Mista,A"]
[Black "Dreev,A"]
[Result "0-1"]
[WhiteElo "2562"]
[BlackElo "2654"]

1.c4 c6 2.g3 d5 3.Bg2 Nf6 4.Nf3 dxc4 5.O-O Nbd7 6.Na3 Nb6 7.Qc2 g6 8.Nxc4 Nxc4
9.Qxc4 Be6 10.Qc2 Bg7 11.d3 O-O 12.Bd2 a5 13.Bc3 a4 14.b3 axb3 15.axb3 Qb6
16.Nd2 Bd5 17.Nc4 Qb5 18.e4 Be6 19.Qb2 Rxa1 20.Rxa1 Rd8 21.Ra5 Bxc4 22.Rxb5 Bxb5
23.d4 Bd3 24.d5 cxd5 25.exd5 Ba6 26.h3 Kf8 27.g4 h6 28.Qa3 g5 29.Qa5 Rc8
30.Bf3 Ne8 31.Bxg7+ Kxg7 32.Qb4 Nd6 33.Qd4+ f6 34.Qe3 Rc7 35.Be4 Bb5 36.Kg2 Be8
37.Bb1 Bf7 38.Qd3 Kf8 39.Qh7 Bxd5+ 40.Kh2 Nf7 41.Bg6 Bxb3 42.Bxf7 Bxf7 43.Qh8+ Bg8
44.Qxh6+ Kf7 45.h4 gxh4 46.Qxh4 Rc5 47.Qg3 b5 48.f4 Rc2+ 49.Kh3 Kg7 50.Qe3 Kf8
51.Qd3 Rc4 52.Qd8+ Kf7 53.Qd5+ Kg7 54.Qd7 Rxf4 55.Qxe7+ Bf7 56.Qd6 Rc4 57.Qb6 b4
58.Kg3 b3 59.Qb5 Rc2 60.g5 b2 61.gxf6+ Kxf6 62.Qb6+ Be6 63.Qd8+ Kf7 64.Qb6 Rc3+
65.Kh4 Rb3 66.Qc7+ Kf6 67.Qf4+ Ke7 68.Qc7+ Kf6 69.Qf4+ Ke7 70.Qc7+ Ke8 71.Qc6+ Kf7
72.Qc7+ Kg6 73.Qc2+ Kf6 74.Qf2+ Ke5 75.Qe2+ Kd6 76.Qa6+ Kd5 77.Qa5+ Kd4 78.Qd2+ Kc4
79.Qe2+ Kb4 80.Qd2+ Kb5 81.Qe2+ Bc4 82.Qe8+ Kb4 83.Qe7+ Kc3 84.Qe5+ Kc2 85.Qh2+ Kb1
86.Qf4 Ka2 87.Qxc4 b1=Q 88.Qa4+ Kb2 89.Qd4+ Kc2 90.Qe4+ Rd3 91.Qe2+ Kc3 92.Qe5+ Kd2
93.Qf4+ Kd1 94.Qf1+ Kc2 95.Qe2+ Kc1 96.Qe1+ Kb2 97.Qb4+ Rb3 98.Qd4+ Rc3 99.Qb4+ Kc2
100.Qe4+ Rd3 101.Qc4+ Kd2 102.Qf4+ Re3 103.Qf2+ Re2 104.Qf4+ Kc2 105.Qc4+ Kd1
106.Qd4+ Rd2 107.Qg4+ Kc1 108.Qg1+ Kb2 109.Qb6+ Kc3 110.Qc5+ Kb2 111.Qb4+ Kc1
112.Qc3+ Qc2 113.Qa1+ Qb1 114.Qc3+ Kd1 115.Qf3+ Kc2 116.Qc6+ Kd1 117.Qh1+ Kc2
118.Qc6+ Kb2 119.Qb5+ Kc1 120.Qf1+ Rd1 121.Qf4+ Kc2 122.Qc4+ Kd2 123.Qf4+ Ke2
124.Qg4+ Ke3 125.Qg3+ Ke4 126.Qg4+ Ke5 127.Qg7+ Ke6 128.Qg8+ Ke7 129.Qg7+ Kd6
130.Qf6+ Kc5 131.Qe5+ Rd5 132.Qc7+ Kd4 133.Qg7+ Re5 134.Qd7+ Ke3 135.Qh3+ Kd4
136.Qd7+ Ke3 137.Qh3+ Kd4 138.Qd7+ Rd5 139.Qg7+ Re5 140.Qd7+ Kc5 141.Qc7+ Kd5
142.Qd7+ Kc5 143.Qc7+ Kd4 144.Qd7+ Ke3 145.Qh3+ Kd2 146.Qh2+ Re2 147.Qd6+ Qd3
148.Qb4+ Qc3 149.Qf4+ Kd1  0-1

[Event "Amplico ch-EUR Blitz"]
[Site "Warsaw POL"]
[Date "2012.12.14"]
[Round "8.2"]
[White "Dreev,A"]
[Black "Mista,A"]
[Result "1-0"]
[WhiteElo "2654"]
[BlackElo "2562"]

1.d4 d5 2.c4 dxc4 3.e4 Nc6 4.Nf3 Bg4 5.d5 Ne5 6.Bf4 Ng6 7.Be3 e5 8.Bxc4 a6
9.Be2 Nf6 10.Nfd2 Bd7 11.Nc3 Bd6 12.Nc4 Bb4 13.Qc2 b5 14.Nd2 O-O 15.O-O c6
16.dxc6 Bxc6 17.Rfd1 Qe7 18.Bf3 Nh4 19.Bg5 Nxf3+ 20.Nxf3 Rac8 21.Qb3 Bxc3
22.Qxc3 Bxe4 23.Qxe5 Qxe5 24.Nxe5 Rfe8 25.Bxf6 gxf6 26.Ng4 Kg7 27.Ne3 Red8
28.f3 Bd3 29.Kf2 f5 30.g3 Kf6 31.Rac1 Rxc1 32.Rxc1 Rd6 33.b3 b4 34.Rd1 Ke6
35.h4 f4 36.gxf4 Bb5 37.f5+ Kd7 38.Nd5 a5 39.Ke3 Kc6 40.Ke4 Kb7 41.Ke5 Rd7
42.Rc1 Bc6 43.Rc5 f6+ 44.Ke6 a4 45.Nxb4 axb3 46.axb3  1-0